000 00227nam a22000857a 4500
008 161210b xxu||||| |||| 00| 0 eng d
100 _91967
_aAggarwal.V.P.etal.
245 _aBiology Lab Manual-XI
260 _aNew Delhi
_bS. Chand
_c2011
999 _c4763
_d4763